Welcome to the Holygrace Academy Library

Please use search bar below to get started

FAIRS AND FESTIVALS OF INDIA (Record no. 3085)

MARC details
000 -LEADER
fixed length control field 00275nam a22001217a 4500
020 ## - INTERNATIONAL STANDARD BOOK NUMBER
ISBN 81-223-0951-8
082 ## - DEWEY DECIMAL CLASSIFICATION NUMBER
Classification number 030
Item number HIN/F
245 ## - TITLE STATEMENT
Title FAIRS AND FESTIVALS OF INDIA
260 ## - PUBLICATION, DISTRIBUTION, ETC. (IMPRINT)
Place of publication DELHI
Name of publisher HINDOOLOGY BOOKS
300 ## - PHYSICAL DESCRIPTION
Number of Pages 146
650 ## - SUBJECT ADDED ENTRY--TOPICAL TERM
Topical Term GENERAL KNOWLEDGE
Geographic subdivision INDIA
942 ## - ADDED ENTRY ELEMENTS (KOHA)
Koha item type Books
Holdings
Withdrawn status Lost status Collection code Home library Current library Shelving location Date acquired Source of acquisition Full call number Accession Number Koha item type
    Reference Main Library Main Library SHELF 2-H -WORLD OF FACTS,ALL ABOUT NATION&ENCYCLOPEDIAS 17/05/2011 PURCHASE 030 HIN/F 06104 Books